[Event "Politiken Cup"]
[Site "Copenhagen"]
[Date "2006.07.29"]
[Round "8.2"]
[White "Hansen, Curt"]
[Black "Rasmussen, Allan Stig"]
[Result "1/2-1/2"]
[WhiteElo "2625"]
[BlackElo "2353"]
[PlyCount "125"]
[EventDate "2006.??.??"]

1. d4 f5 2. g3 Nf6 3. Bg2 e6 4. c4 Be7 5. Nf3 d6 6. O-O O-O 7. Nc3 Qe8 8. b3
Nbd7 9. Qc2 Qh5 10. Ba3 g5 11. e3 a6 12. Rfe1 Rf7 13. Rad1 Rb8 14. Bc1 c5 15.
e4 Nxe4 16. Nxe4 fxe4 17. Qxe4 g4 18. Nd2 e5 19. dxc5 Nxc5 20. Qe2 Ne6 21. Nb1
Bd7 22. Nc3 Nd4 23. Rxd4 exd4 24. Bd5 dxc3 25. Qxe7 Qxd5 26. cxd5 Rxe7 27. Rxe7
Bf5 28. f3 gxf3 29. Kf2 c2 30. Kxf3 Kf8 31. Rc7 Rc8 32. Rxb7 Rc5 33. g4 Bd3 34.
h4 Rxd5 35. Rc7 Ke8 36. Rc3 Bg6 37. h5 Rd3+ 38. Rxd3 Bxd3 39. Ke3 Bf1 40. g5
Bh3 41. g6 Bf5 42. g7 Kf7 43. h6 Bh3 44. Kd4 Bf1 45. Kc3 Kg8 46. Kxc2 d5 47.
Kc3 d4+ 48. Kb4 Be2 49. Ka5 Bf1 50. a4 Be2 51. Bd2 Bf1 52. Kb6 Be2 53. b4 Bf1
54. Kc5 Be2 55. b5 Bxb5 56. axb5 axb5 57. Kxb5 Kf7 58. Kc4 Kg8 59. Kd5 d3 60.
Kd6 Kf7 61. g8=Q+ Kxg8 62. Ke7 Kh8 63. Kf7 1/2-1/2

[Event "Politiken Cup"]
[Site "Copenhagen"]
[Date "2006.07.29"]
[Round "8.3"]
[White "De Firmian, Nick E"]
[Black "Aagaard, Jacob"]
[Result "1-0"]
[WhiteElo "2559"]
[BlackElo "2457"]
[PlyCount "61"]
[EventDate "2006.??.??"]

1. e4 c5 2. Nf3 d6 3. d4 cxd4 4. Nxd4 Nf6 5. Nc3 a6 6. a4 e6 7. Be2 Be7 8. O-O
Qc7 9. a5 Nc6 10. Nb3 Bd7 11. Be3 Rc8 12. f4 O-O 13. g4 h6 14. Bf3 Nb4 15. Bg2
d5 16. Bb6 Qc4 17. e5 Nxg4 18. Qxg4 Nxc2 19. Nxd5 exd5 20. Qxd7 Nxa1 21. Bxd5
Qe2 22. Rxa1 Rc2 23. Qh3 Rxb2 24. Rf1 Qb5 25. Qf3 Rc8 26. e6 Rcc2 27. exf7+ Kf8
28. Bf2 Qb4 29. Nd4 Rd2 30. Qg4 Qa4 31. Qc8+ 1-0

[Event "Politiken Cup"]
[Site "Copenhagen"]
[Date "2006.07.29"]
[Round "8.4"]
[White "Howell, David WL"]
[Black "Vaganian, Rafael A"]
[Result "1-0"]
[WhiteElo "2479"]
[BlackElo "2598"]
[PlyCount "131"]
[EventDate "2006.??.??"]

1. e4 e6 2. d4 d5 3. Nd2 c5 4. exd5 exd5 5. Ngf3 a6 6. Be2 Nf6 7. O-O cxd4 8.
Nxd4 Be7 9. Re1 O-O 10. Bf3 Nc6 11. N2b3 Nxd4 12. Nxd4 Re8 13. Bg5 h6 14. Bh4
Bd7 15. c3 Qb6 16. Qb3 Qxb3 17. Nxb3 Bc6 18. Nd4 g5 19. Bg3 Ne4 20. Bg4 Nf6 21.
Bf5 Bc5 22. Nb3 Bf8 23. f3 a5 24. Nd4 Bc5 25. Bf2 Rxe1+ 26. Rxe1 Re8 27. Rxe8+
Bxe8 28. Nb3 Bxf2+ 29. Kxf2 b6 30. Ke3 Kf8 31. Kd4 Ke7 32. Ke5 Nh5 33. g3 Bc6
34. Nd2 Ng7 35. Bh3 f6+ 36. Kd4 Kd6 37. Nf1 f5 38. Ke3 Kc5 39. Nd2 a4 40. f4 g4
41. Bf1 Bd7 42. Bd3 Ne8 43. b4+ axb3 44. Nxb3+ Kd6 45. Nd4 Ng7 46. Kd2 Kc5 47.
Kc2 Bc8 48. Kb3 Bd7 49. Ka3 h5 50. Kb3 Bc8 51. a4 Bd7 52. Ka3 h4 53. gxh4 Nh5
54. Bxf5 Bxf5 55. Nxf5 d4 56. Nxd4 Kc4 57. f5 Kxc3 58. Nc6 Nf6 59. Ne7 Kd4 60.
Kb4 Ke3 61. Kb5 Kf3 62. Nc6 Nd7 63. f6 Nxf6 64. Kxb6 Kf4 65. a5 Nd7+ 66. Kb5
1-0

[Event "Politiken Cup"]
[Site "Copenhagen"]
[Date "2006.07.29"]
[Round "8.5"]
[White "Hector, Jonny"]
[Black "Hoi, Carsten"]
[Result "1-0"]
[WhiteElo "2508"]
[BlackElo "2386"]
[PlyCount "65"]
[EventDate "2006.??.??"]

1. e4 g6 2. d4 Bg7 3. Nc3 d6 4. f4 Nf6 5. Nf3 O-O 6. Be2 c5 7. dxc5 Qa5 8. O-O
Qxc5+ 9. Kh1 Nc6 10. Bd3 Bg4 11. Qe1 Qh5 12. Ne2 Qc5 13. Bd2 d5 14. b4 Qb6 15.
exd5 Nxd5 16. Rb1 Bxf3 17. Rxf3 e5 18. c4 Nf6 19. c5 Qc7 20. Bc4 e4 21. Re3
Rad8 22. Bc3 Rfe8 23. Qh4 Nh5 24. g4 Nxf4 25. Nxf4 Qxf4 26. Rf1 Qxe3 27. Bxf7+
Kf8 28. Bxg6+ Qf3+ 29. Rxf3+ exf3 30. Bxg7+ Kxg7 31. Qxh7+ Kf6 32. Qf7+ Ke5 33.
Qf5+ 1-0

[Event "Politiken Cup"]
[Site "Copenhagen"]
[Date "2006.07.29"]
[Round "8.6"]
[White "Tjiam, Dharma"]
[Black "Karlsson, Lars"]
[Result "0-1"]
[WhiteElo "2391"]
[BlackElo "2506"]
[PlyCount "83"]
[EventDate "2006.??.??"]

1. d4 e6 2. c4 f5 3. Nf3 Nf6 4. Nc3 Bb4 5. Qb3 a5 6. e3 Qe7 7. Be2 O-O 8. O-O
Bxc3 9. Qxc3 b6 10. b3 Bb7 11. Bb2 d6 12. Nd2 Nbd7 13. f3 Nh5 14. Rf2 Rae8 15.
a3 f4 16. Bf1 Qg5 17. Re1 e5 18. d5 Ndf6 19. exf4 Nxf4 20. g3 Bc8 21. Qe3 Qg6
22. Ne4 Nxe4 23. Qxe4 Bf5 24. Qe3 Bh3 25. Qe4 Bf5 26. Qe3 Nh3+ 27. Bxh3 Bxh3
28. Bc1 h6 29. Qc3 Rf6 30. b4 axb4 31. axb4 Ref8 32. c5 bxc5 33. bxc5 Qf7 34.
cxd6 cxd6 35. Re3 Qxd5 36. Ba3 Rc8 37. Qd2 Qb7 38. Rd3 e4 39. fxe4 Rxf2 40.
Kxf2 Qxe4 41. Qe3 Rc2+ 42. Ke1 0-1

[Event "Politiken Cup"]
[Site "Copenhagen"]
[Date "2006.07.29"]
[Round "8.9"]
[White "Sylvan, Jacob"]
[Black "Rasmussen, Karsten"]
[Result "1-0"]
[WhiteElo "2279"]
[BlackElo "2467"]
[PlyCount "131"]
[EventDate "2006.??.??"]

1. e4 c6 2. d4 d5 3. e5 Bf5 4. Nf3 e6 5. Be2 Nd7 6. O-O Bg6 7. b3 Nh6 8. c4 Nf5
9. Nc3 Bb4 10. Bd2 O-O 11. a3 Be7 12. g4 Nh6 13. h3 Kh8 14. c5 Ng8 15. Ne1 f6
16. f4 fxe5 17. fxe5 Nxc5 18. dxc5 d4 19. Na4 d3 20. Bf3 Qd4+ 21. Kg2 Qxe5 22.
Bc3 Qg5 23. Nxd3 Rad8 24. Bd2 Qf6 25. Nf4 Bf7 26. Qe2 e5 27. Nh5 Qe6 28. Nc3
Qxb3 29. Rab1 Qxa3 30. Ne4 Rd4 31. Ra1 Qb3 32. Rab1 Qc4 33. Nhg3 Bd5 34. Qxc4
Rxc4 35. Rxb7 Rc2 36. Rxa7 Bxc5 37. Raa1 Bd4 38. Rac1 Ra2 39. Rfd1 c5 40. Nf5
Bb3 41. Re1 c4 42. Re2 Bb2 43. Rb1 Bd4 44. Bb4 Rfa8 45. Rbe1 h6 46. Bc3 Rd8 47.
Rxa2 Bxa2 48. Rd1 Bb3 49. Rd2 Bb6 50. Rxd8 Bxd8 51. Bxe5 Nf6 52. Nxf6 gxf6 53.
Bc3 Kh7 54. Nd4 Ba2 55. Nc6 Bc7 56. Bxf6 Bf4 57. Bc3 Bb1 58. Ne5 h5 59. Nxc4
hxg4 60. hxg4 Kg6 61. Nd2 Ba2 62. Be4+ Kg5 63. Kh3 Be3 64. Bc6 Be6 65. Nf3+ Kf4
66. Be5# 1-0

[Event "Politiken Cup"]
[Site "Copenhagen"]
[Date "2006.07.29"]
[Round "8.10"]
[White "Nielsen, Lars Aaes"]
[Black "Boros, Denes"]
[Result "0-1"]
[WhiteElo "2247"]
[BlackElo "2462"]
[PlyCount "54"]
[EventDate "2006.??.??"]

1. e4 c5 2. c3 d5 3. exd5 Qxd5 4. d4 e6 5. Nf3 Nf6 6. Be3 cxd4 7. cxd4 Bb4+ 8.
Nc3 Qa5 9. Bd2 O-O 10. Bd3 Nc6 11. O-O Rd8 12. a3 Be7 13. Nb5 Qb6 14. a4 Re8
15. Be3 Qd8 16. Rc1 Bd7 17. Nc3 Nb4 18. Bb1 Rc8 19. Ne5 Bc6 20. Bg5 g6 21. Re1
Nfd5 22. Bxe7 Rxe7 23. Be4 Nxc3 24. bxc3 Bxe4 25. Rxe4 Na2 26. Re3 Nxc1 27.
Qxc1 Qxd4 0-1

[Event "Politiken Cup"]
[Site "Copenhagen"]
[Date "2006.07.29"]
[Round "8.11"]
[White "Antonsen, Mikkel"]
[Black "Semcesen, Daniel"]
[Result "1/2-1/2"]
[WhiteElo "2380"]
[BlackElo "2266"]
[PlyCount "35"]
[EventDate "2006.??.??"]

1. d4 d5 2. c4 c6 3. Nf3 Nf6 4. e3 a6 5. Nbd2 Bf5 6. Ne5 h6 7. Be2 e6 8. O-O
Nbd7 9. f4 Be7 10. b3 O-O 11. Bb2 Nxe5 12. fxe5 Ne4 13. Nxe4 Bxe4 14. Bd3 Bxd3
15. Qxd3 f6 16. exf6 Rxf6 17. e4 Qd7 18. Rxf6 1/2-1/2

[Event "Politiken Cup"]
[Site "Copenhagen"]
[Date "2006.07.29"]
[Round "8.12"]
[White "Muratet Casadevall, Albert"]
[Black "Degtiarev, Evgeny"]
[Result "0-1"]
[WhiteElo "2216"]
[BlackElo "2378"]
[PlyCount "128"]
[EventDate "2006.??.??"]

1. e4 c5 2. c3 Nf6 3. e5 Nd5 4. d4 cxd4 5. Nf3 Nc6 6. Bc4 Nb6 7. Bb3 d5 8. exd6
Qxd6 9. O-O e6 10. Na3 a6 11. Qe2 dxc3 12. Rd1 Qc7 13. Be3 Nd7 14. Rac1 Bb4 15.
Nd4 O-O 16. Nxc6 bxc6 17. Nc4 cxb2 18. Nxb2 Be7 19. Nd3 Bf6 20. Nb4 c5 21. Nd3
Bb7 22. Nxc5 Nxc5 23. Rxc5 Qe7 24. Rdc1 Rfc8 25. Qc4 Rxc5 26. Qxc5 Qxc5 27.
Rxc5 Rc8 28. f3 Kf8 29. Kf2 Rxc5 30. Bxc5+ Be7 31. Bd4 Bd6 32. h3 e5 33. Bb6
Ke7 34. Ke3 f5 35. Bg8 h6 36. Bc4 Ba3 37. Bd3 Ke6 38. Bc4+ Kd6 39. Kd2 Bb4+ 40.
Ke2 Bc5 41. Ba5 g5 42. g4 e4 43. fxe4 fxg4 44. hxg4 Ke5 45. Bc7+ Kxe4 46. Bd3+
Kd4 47. Bd8 Kc3 48. Ba5+ Bb4 49. Bd8 Kb2 50. Bc4 a5 51. Be6 Be4 52. Ke3 Bb1 53.
a4 Bc2 54. Bd7 Ka3 55. Bf6 Bxa4 56. Bf5 Bd1 57. Bg7 a4 58. Kd3 h5 59. gxh5 Bxh5
60. Kc2 Bd6 61. Bf6 g4 62. Bxg4 Bxg4 63. Kb1 Bf5+ 64. Ka1 Kb3 0-1

[Event "Politiken Cup"]
[Site "Copenhagen"]
[Date "2006.07.29"]
[Round "8.13"]
[White "Friesen, Boris"]
[Black "Matthiesen, Arne"]
[Result "1/2-1/2"]
[WhiteElo "2146"]
[BlackElo "2358"]
[PlyCount "34"]
[EventDate "2006.??.??"]

1. e4 e6 2. c3 d5 3. exd5 exd5 4. d4 Bd6 5. Bd3 Nc6 6. Ne2 Nf6 7. O-O O-O 8.
Bf4 Re8 9. Bxd6 Qxd6 10. Qc2 Ne7 11. Ng3 h5 12. Re1 h4 13. Nf1 g6 14. Nbd2 Bf5
15. Nf3 Qf4 16. Ne5 Bxd3 17. Qxd3 Nf5 1/2-1/2

[Event "Politiken Cup"]
[Site "Copenhagen"]
[Date "2006.07.29"]
[Round "8.14"]
[White "Brinck-Claussen, Bjorn"]
[Black "Holst, Conny"]
[Result "1-0"]
[WhiteElo "2358"]
[BlackElo "2124"]
[PlyCount "99"]
[EventDate "2006.??.??"]

1. e4 c5 2. Nf3 d6 3. d4 cxd4 4. Nxd4 Nf6 5. Nc3 Nc6 6. Bg5 e6 7. Qd2 a6 8.
O-O-O Bd7 9. f4 b5 10. Bxf6 gxf6 11. Nxc6 Bxc6 12. Bd3 Qb6 13. Kb1 b4 14. Ne2
a5 15. f5 a4 16. fxe6 fxe6 17. Qf4 Be7 18. Bc4 Qc5 19. Bxe6 a3 20. Nd4 Bb7 21.
Qg4 Qe5 22. Bd7+ Kd8 23. Bc6 f5 24. Qxf5 Qxf5 25. exf5 Kc7 26. Bxb7 Kxb7 27. b3
Ra5 28. c3 bxc3 29. Kc2 Rg8 30. g3 Bf6 31. Rhf1 Rg4 32. Ne2 Re4 33. Rf2 d5 34.
Kd3 Rc5 35. Rc1 Re8 36. Nd4 Re4 37. Ne6 Rc8 38. Rf4 c2 39. Rf2 Rc3+ 40. Kd2
Ree3 41. Nf4 Bg5 42. Rxc2 Red3+ 43. Ke1 Re3+ 44. Kd1 h5 45. Rxc3 Rxc3 46. f6 h4
47. f7 Bh6 48. g4 Rc6 49. g5 Bf8 50. Re2 1-0

[Event "Politiken Cup"]
[Site "Copenhagen"]
[Date "2006.07.29"]
[Round "8.15"]
[White "Kaaber, Jacob"]
[Black "Tallaksen, Geir S"]
[Result "0-1"]
[WhiteElo "2117"]
[BlackElo "2356"]
[PlyCount "92"]
[EventDate "2006.??.??"]

1. e4 e5 2. Nf3 Nc6 3. Bb5 a6 4. Ba4 Nf6 5. O-O Be7 6. Re1 b5 7. Bb3 d6 8. c3
O-O 9. h3 Nb8 10. d4 Nbd7 11. Nbd2 Bb7 12. Bc2 Re8 13. Nf1 Bf8 14. Ng3 g6 15.
a4 Bg7 16. Bd3 c6 17. Bg5 Qc7 18. Qd2 Nf8 19. Bh6 Ne6 20. Bxg7 Kxg7 21. Bf1 Nf4
22. c4 bxc4 23. Bxc4 a5 24. Ra3 Ba6 25. Bxa6 Rxa6 26. Rb3 Ne6 27. Rc1 h6 28.
dxe5 dxe5 29. Qc3 Nd7 30. Qc4 Nec5 31. Rd1 Nxb3 32. Qxa6 Nbc5 33. Qc4 Rb8 34.
Qc2 Rb4 35. Ra1 Qb6 36. Ra2 Nxa4 37. Qd2 Nf6 38. Qc2 Rxb2 39. Rxb2 Nxb2 40.
Nxe5 a4 41. Nxc6 a3 42. Qc3 Nd1 43. Qd4 Qxc6 44. e5 a2 45. Qxd1 Qc3 46. exf6+
Qxf6 0-1

[Event "Politiken Cup"]
[Site "Copenhagen"]
[Date "2006.07.29"]
[Round "8.16"]
[White "Zozulia, Anna"]
[Black "Soraas, Torben"]
[Result "1-0"]
[WhiteElo "2352"]
[BlackElo "2115"]
[PlyCount "81"]
[EventDate "2006.??.??"]

1. e4 c5 2. Nf3 Nc6 3. d4 cxd4 4. Nxd4 g6 5. Nc3 Bg7 6. Be3 Nf6 7. Bc4 O-O 8.
Bb3 a5 9. Nxc6 bxc6 10. O-O a4 11. Nxa4 Nxe4 12. Nb6 Ra5 13. Qe1 Rh5 14. Nxc8
Qxc8 15. Bf4 d5 16. f3 Ng5 17. c3 e5 18. Bd2 f5 19. f4 Ne4 20. Bd1 Rh6 21. fxe5
g5 22. h3 Bxe5 23. Bxg5 Bg3 24. Qe3 f4 25. Bxh6 fxe3 26. Rxf8+ Qxf8 27. Bxf8
Bf2+ 28. Kh2 Bg3+ 29. Kh1 Nf2+ 30. Kg1 Nxd1 31. Kf1 Nxb2 32. Bc5 Na4 33. Bxe3
Nxc3 34. a4 Be5 35. a5 d4 36. a6 Nb5 37. Bd2 Bb8 38. Rc1 Na7 39. Rc4 Be5 40.
Rb4 Nb5 41. Rxb5 1-0

[Event "Politiken Cup"]
[Site "Copenhagen"]
[Date "2006.07.29"]
[Round "8.17"]
[White "Adamski, Jan"]
[Black "Christensen, Janus"]
[Result "1-0"]
[WhiteElo "2348"]
[BlackElo "2100"]
[PlyCount "79"]
[EventDate "2006.??.??"]

1. Nf3 d5 2. c4 c6 3. d4 Nf6 4. Qb3 Qb6 5. Nc3 e6 6. g3 Bb4 7. Bg2 Ne4 8. Bd2
Bxc3 9. Bxc3 O-O 10. O-O Nd7 11. Bb4 Re8 12. Rac1 a5 13. Ba3 Qxb3 14. axb3 a4
15. cxd5 exd5 16. bxa4 Rxa4 17. Ra1 Nb6 18. b3 Ra8 19. e3 Bg4 20. Rfc1 f6 21.
Bb4 Rec8 22. Kf1 Nd7 23. Ne1 Ng5 24. h4 Ne6 25. f3 Bh5 26. Bh3 Bf7 27. Nd3 g6
28. Kf2 f5 29. g4 Ng7 30. gxf5 gxf5 31. Rg1 Kh8 32. Bd6 b6 33. Ne5 Be6 34. Nxd7
Bxd7 35. Be5 Rxa1 36. Rxg7 Ra2+ 37. Kg3 h5 38. Rxd7+ Kg8 39. Bxf5 Re8 40. Bh7+
1-0

[Event "Politiken Cup"]
[Site "Copenhagen"]
[Date "2006.07.29"]
[Round "8.18"]
[White "Laksman, Efraim"]
[Black "Lund, Esben"]
[Result "0-1"]
[WhiteElo "2089"]
[BlackElo "2296"]
[PlyCount "106"]
[EventDate "2006.??.??"]

1. e4 e5 2. Nf3 Nc6 3. Nc3 Nf6 4. Bb5 Bb4 5. d3 Nd4 6. Ba4 b5 7. Bb3 d6 8. h3
Bb7 9. O-O Nxb3 10. axb3 a6 11. Bg5 Bxc3 12. bxc3 h6 13. Bd2 O-O 14. c4 bxc4
15. bxc4 Nd7 16. Nh2 f5 17. Qh5 fxe4 18. Bxh6 Nf6 19. Qg6 Qd7 20. Be3 a5 21. f3
exd3 22. cxd3 Qf7 23. Qxf7+ Rxf7 24. Rfb1 Bc6 25. Nf1 a4 26. Nd2 Rff8 27. Ra3
Rfb8 28. Kf1 Kf7 29. Ke1 Ke6 30. Kd1 d5 31. Rxb8 Rxb8 32. Bg5 Rb4 33. Bxf6 gxf6
34. Kc2 Rb8 35. cxd5+ Kxd5 36. Ne4 f5 37. Nc3+ Kd4 38. Nxa4 Rg8 39. g4 Ra8 40.
Kb3 f4 41. Nb2 Rxa3+ 42. Kxa3 Bxf3 43. Kb3 c5 44. Kc2 e4 45. dxe4 Bxe4+ 46. Kd2
c4 47. Nd1 f3 48. h4 Bd3 49. g5 c3+ 50. Kc1 c2 51. Nf2 Ke3 52. Ng4+ Kf4 53. Nf2
Bf5 0-1

[Event "Politiken Cup"]
[Site "Copenhagen"]
[Date "2006.07.29"]
[Round "8.21"]
[White "Bromann, Thorbjorn"]
[Black "Hvenekilde, Jorgen"]
[Result "1-0"]
[WhiteElo "2364"]
[BlackElo "2181"]
[PlyCount "85"]
[EventDate "2006.??.??"]

1. e4 e5 2. Nf3 d6 3. d4 exd4 4. Nxd4 Nc6 5. Nxc6 bxc6 6. g3 g6 7. Bd2 Bg7 8.
Bc3 Nf6 9. Bg2 Ba6 10. e5 Nd5 11. Bxd5 cxd5 12. exd6 O-O 13. Qxd5 Re8+ 14. Kd1
Re6 15. Kc1 Rxd6 16. Qa5 Bb7 17. Re1 Bf3 18. b3 Rd5 19. Qb4 Rb8 20. Qc4 Rb6 21.
Bxg7 Rd1+ 22. Rxd1 Qxd1+ 23. Kb2 Rc6 24. Na3 Qxa1+ 25. Kxa1 Rxc4 26. Nxc4 Kxg7
27. Kb2 Kf6 28. Kc3 Ke6 29. Kd4 f6 30. Ne3 Kd6 31. b4 Bb7 32. Nc4+ Kd7 33. Na5
Bg2 34. Kc5 Bf3 35. c3 Bg2 36. a3 Bf3 37. b5 Bg2 38. Nc6 Bxc6 39. bxc6+ Kd8 40.
Kb5 Kc8 41. Ka6 Kb8 42. f4 f5 43. h3 1-0

[Event "Politiken Cup"]
[Site "Copenhagen"]
[Date "2006.07.29"]
[Round "8.23"]
[White "Rasmussen, Casper"]
[Black "Penalver, Osmani"]
[Result "1-0"]
[WhiteElo "2290"]
[BlackElo "2126"]
[PlyCount "59"]
[EventDate "2006.??.??"]

1. d4 Nf6 2. Nf3 e6 3. c4 b6 4. g3 Ba6 5. b3 Bb4+ 6. Bd2 Be7 7. Nc3 d5 8. cxd5
exd5 9. Bg2 O-O 10. O-O c5 11. Rc1 Nc6 12. Bg5 Re8 13. Re1 Rc8 14. Bxf6 Bxf6
15. dxc5 d4 16. Na4 b5 17. Nb2 Nb4 18. Qd2 Nd5 19. Nxd4 b4 20. Nc6 Rxc6 21.
Qxd5 Bxb2 22. Qxd8 Rxd8 23. Bxc6 Bxc1 24. Rxc1 Bxe2 25. Bb7 Re8 26. c6 Bf3 27.
Ba6 Bg4 28. c7 Bc8 29. Bxc8 Rxc8 30. Rd1 1-0

[Event "Politiken Cup"]
[Site "Copenhagen"]
[Date "2006.07.29"]
[Round "8.24"]
[White "Gretarsson, Hjorvar Stein"]
[Black "Aabling-Thomsen, Jakob"]
[Result "1-0"]
[WhiteElo "2130"]
[BlackElo "2271"]
[PlyCount "75"]
[EventDate "2006.??.??"]

1. c4 e5 2. Nc3 Nf6 3. Nf3 Nc6 4. g3 Bb4 5. Bg2 O-O 6. O-O Re8 7. Nd5 Bc5 8. d3
h6 9. Rb1 a5 10. a3 d6 11. e4 Bg4 12. Be3 Nd4 13. Bxd4 Bxd4 14. h3 Bxf3 15.
Bxf3 Nxd5 16. cxd5 Qg5 17. Kg2 f5 18. h4 Qf6 19. exf5 Qxf5 20. Bg4 Qf6 21. Be6+
Kh8 22. f4 Rf8 23. f5 g6 24. Qg4 gxf5 25. Rxf5 Qg7 26. Rbf1 Bxb2 27. Qxg7+ Kxg7
28. Rf7+ Rxf7 29. Rxf7+ Kh8 30. Rxc7 b5 31. g4 Bd4 32. Rb7 b4 33. a4 Ra7 34.
Rb8+ Kg7 35. g5 hxg5 36. hxg5 Kg6 37. Rg8+ Kh5 38. Kh3 1-0

[Event "Politiken Cup"]
[Site "Copenhagen"]
[Date "2006.07.29"]
[Round "8.26"]
[White "Madland, Kristoffer"]
[Black "Andersen, Dan"]
[Result "1/2-1/2"]
[WhiteElo "2100"]
[BlackElo "2278"]
[PlyCount "90"]
[EventDate "2006.??.??"]

1. e4 e6 2. d4 d5 3. exd5 exd5 4. Bd3 Bd6 5. Nf3 Ne7 6. Qe2 Nbc6 7. c3 Bg4 8.
Bg5 Qd7 9. Nbd2 f6 10. Bh4 O-O 11. Bg3 Rfe8 12. O-O-O Ng6 13. Qf1 Nf4 14. Bxf4
Bxf4 15. h3 Bh5 16. g4 Bf7 17. Re1 Rxe1+ 18. Qxe1 Re8 19. Qd1 Re7 20. Re1 Qe8
21. Rxe7 Qxe7 22. Qe2 Qxe2 23. Bxe2 Nd8 24. Nh4 Ne6 25. Kd1 Kf8 26. Ng2 Bd6 27.
Nf1 g6 28. Bd3 Ke8 29. Ke2 c5 30. dxc5 Nxc5 31. Bc2 Kd7 32. Nd2 Ne6 33. Nb3 Bc7
34. Ke3 Bb6+ 35. Nd4 Kd6 36. Ne1 Be8 37. h4 Nc5 38. f3 Na4 39. Nd3 Bb5 40. Bxa4
Bxa4 41. Kd2 Bd7 42. Ke3 a6 43. g5 fxg5 44. hxg5 Bf5 45. f4 Be4 1/2-1/2

[Event "Politiken Cup"]
[Site "Copenhagen"]
[Date "2006.07.29"]
[Round "8.27"]
[White "Grassie, Duncan"]
[Black "Christensen, Stefan"]
[Result "0-1"]
[WhiteElo "2042"]
[BlackElo "2277"]
[PlyCount "68"]
[EventDate "2006.??.??"]

1. d4 Nf6 2. Bg5 e6 3. e4 h6 4. Bxf6 Qxf6 5. Nc3 Bb4 6. Qd3 d5 7. e5 Qd8 8. f4
c5 9. a3 Qa5 10. Rb1 Bxc3+ 11. Qxc3 Qxc3+ 12. bxc3 cxd4 13. cxd4 Nc6 14. Nf3 b6
15. Bd3 Bd7 16. g4 Ke7 17. h4 Rac8 18. f5 Na5 19. Kd2 Nc4+ 20. Bxc4 Rxc4 21.
f6+ gxf6 22. exf6+ Kxf6 23. Rhf1 Ke7 24. Ne5 Rxd4+ 25. Kc3 Re4 26. Rxf7+ Kd6
27. Rxd7+ Kxe5 28. Rxa7 Rc8+ 29. Kd3 Rd4+ 30. Ke3 Rc3+ 31. Ke2 Rxc2+ 32. Kf1
Rf4+ 33. Ke1 Rxg4 34. Kd1 Rh2 0-1

[Event "Politiken Cup"]
[Site "Copenhagen"]
[Date "2006.07.29"]
[Round "8.28"]
[White "Hansen, Herluf"]
[Black "Nielsen, Max"]
[Result "1/2-1/2"]
[WhiteElo "2028"]
[BlackElo "2267"]
[PlyCount "81"]
[EventDate "2006.??.??"]

1. d4 Nf6 2. c4 g6 3. Nc3 Bg7 4. e4 d6 5. f4 O-O 6. Nf3 c5 7. d5 e6 8. Be2 exd5
9. cxd5 Bg4 10. O-O Nbd7 11. Re1 Re8 12. h3 Bxf3 13. Bxf3 Qa5 14. Be3 b5 15. a3
Nb6 16. e5 Nc4 17. exf6 Nxe3 18. Rxe3 Rxe3 19. fxg7 Rae8 20. Qc2 f5 21. Rf1 b4
22. axb4 Qxb4 23. Ne2 Rb3 24. Ra1 a5 25. Nc3 Qd4+ 26. Kh1 Rb4 27. Be2 Reb8 28.
Bb5 Qxf4 29. Rxa5 R4xb5 30. Nxb5 Rxb5 31. Ra8+ Kxg7 32. Ra7+ Kh6 33. Qe2 Qc1+
34. Kh2 Rxb2 35. Rxh7+ Kxh7 36. Qe7+ Kg8 37. Qe8+ Kh7 38. Qe7+ Kh8 39. Qe8+ Kh7
40. Qe7+ Kg8 41. Qe8+ 1/2-1/2

[Event "Politiken Cup"]
[Site "Copenhagen"]
[Date "2006.07.29"]
[Round "8.29"]
[White "Lahlum, Hans Olav"]
[Black "Asbjornsson, Ingvar"]
[Result "1/2-1/2"]
[WhiteElo "2264"]
[BlackElo "2007"]
[PlyCount "31"]
[EventDate "2006.??.??"]

1. d4 d5 2. c4 c6 3. Nc3 Nf6 4. e3 a6 5. Qc2 b5 6. b3 Bg4 7. Nge2 e6 8. Ng3 Bd6
9. Bd3 Qc7 10. Bb2 Nbd7 11. Rc1 Rc8 12. O-O O-O 13. Nce2 Bxe2 14. Qxe2 Qa7 15.
f4 bxc4 16. bxc4 1/2-1/2

[Event "Politiken Cup"]
[Site "Copenhagen"]
[Date "2006.07.29"]
[Round "8.30"]
[White "Wilsbeck, Jan B"]
[Black "Romsdal, Trond"]
[Result "0-1"]
[WhiteElo "1944"]
[BlackElo "2215"]
[PlyCount "88"]
[EventDate "2006.??.??"]

1. e4 c5 2. Nf3 d6 3. d4 cxd4 4. Nxd4 Nf6 5. Nc3 a6 6. Bg5 e6 7. f3 Be7 8. Qd2
h6 9. Be3 b5 10. O-O-O b4 11. Nce2 d5 12. e5 Nfd7 13. f4 Qc7 14. Kb1 Nb6 15.
Ng3 g6 16. Bd3 Nc6 17. Nxc6 Qxc6 18. b3 a5 19. Qf2 Nd7 20. Ne2 Nc5 21. Nd4 Nxd3
22. cxd3 Qa6 23. g4 a4 24. h4 h5 25. f5 axb3 26. Nxb3 exf5 27. gxh5 Rxh5 28.
Bg5 Qa7 29. Qc2 Bd7 30. Qd2 Qb6 31. Rc1 Rc8 32. Rcg1 Rc3 33. Bxe7 Kxe7 34. Rg5
Rh8 35. h5 Bb5 36. Rg3 Qa6 37. Rhh3 Ra8 38. Nc1 Rac8 39. Qg5+ Kd7 40. Rh1 b3
41. Nxb3 Bxd3+ 42. Rxd3 Qxd3+ 43. Ka1 Rxb3 44. axb3 Qc3+ 0-1

[Event "Politiken Cup"]
[Site "Copenhagen"]
[Date "2006.07.29"]
[Round "8.31"]
[White "Zachariassen, John"]
[Black "Jorgensen, Dennis"]
[Result "0-1"]
[WhiteElo "1831"]
[BlackElo "2179"]
[PlyCount "60"]
[EventDate "2006.??.??"]

1. e4 c6 2. Nf3 d5 3. exd5 cxd5 4. d4 Nf6 5. Bd3 Nc6 6. O-O Bg4 7. c3 Qc7 8.
Na3 a6 9. Nc2 e6 10. Re1 Bd6 11. h3 Bh5 12. Ne3 O-O 13. g4 Bg6 14. Ng2 Rfe8 15.
Be3 b5 16. a3 Nd7 17. Be2 Na5 18. h4 Nc4 19. Bc1 h5 20. Ng5 hxg4 21. Bxg4 Nf6
22. Be2 Ne4 23. Nh3 e5 24. dxe5 Bxe5 25. Nhf4 Nxb2 26. Bxb2 Bxf4 27. h5 Bh7 28.
Qxd5 Rad8 29. Qa2 Bh2+ 30. Kf1 Nd2# 0-1

[Event "Politiken Cup"]
[Site "Copenhagen"]
[Date "2006.07.29"]
[Round "8.32"]
[White "Sande, Odmund"]
[Black "Haapasalo, Jukka-Pekka"]
[Result "1/2-1/2"]
[WhiteElo "1825"]
[BlackElo "2200"]
[PlyCount "54"]
[EventDate "2006.??.??"]

1. d4 Nf6 2. c4 e6 3. Nc3 Bb4 4. e3 c5 5. Nge2 cxd4 6. exd4 d5 7. a3 Bxc3+ 8.
Nxc3 dxc4 9. Bxc4 Nc6 10. d5 exd5 11. Nxd5 Be6 12. Nxf6+ Qxf6 13. Bxe6 Qxe6+
14. Be3 O-O 15. O-O Rad8 16. Qf3 Qb3 17. Rab1 Rd3 18. Qf4 Rfd8 19. h3 h6 20.
Qc7 R3d6 21. Kh2 Qe6 22. Qxb7 Qe5+ 23. Kg1 Rg6 24. Qb3 Qf5 25. Kh1 Rd3 26. Qc4
Qd7 27. Qf4 Kh7 1/2-1/2

[Event "Politiken Cup"]
[Site "Copenhagen"]
[Date "2006.07.29"]
[Round "8.33"]
[White "Andersen, Mads"]
[Black "Roelvaag, Mikael"]
[Result "0-1"]
[WhiteElo "1794"]
[BlackElo "2282"]
[PlyCount "106"]
[EventDate "2006.??.??"]

1. e4 c6 2. d4 d5 3. e5 Bf5 4. Nc3 e6 5. g4 Bg6 6. Nge2 c5 7. Be3 f6 8. exf6
Nxf6 9. Nf4 Bf7 10. Qf3 cxd4 11. Bxd4 Nc6 12. Bb5 a6 13. Bxc6+ bxc6 14. O-O-O
Bd6 15. Rhe1 O-O 16. Nxe6 Bxe6 17. Rxe6 Ne4 18. Qd3 Qd7 19. Rxe4 dxe4 20. Nxe4
Bf4+ 21. Kb1 Rae8 22. Nc5 Qd5 23. c4 Qd6 24. h4 a5 25. Ne4 Qg6 26. f3 Rd8 27.
Qc2 h6 28. c5 Rd5 29. Nc3 Qxc2+ 30. Kxc2 Rd7 31. Ne2 Bc7 32. Rf1 Re8 33. Rf2
Rxe2+ 34. Rxe2 Rxd4 35. Kc3 Rf4 36. Re3 Kf7 37. h5 Bd8 38. Kd2 Rc4 39. Rc3 Rxc3
40. Kxc3 Bc7 41. b4 Ke6 42. bxa5 Bxa5+ 43. Kd4 Bd2 44. a4 Be1 45. f4 Bf2+ 46.
Kc4 Be3 47. f5+ Kd7 48. a5 Kc7 49. a6 Kb8 50. Kd3 Bg5 51. f6 Bxf6 52. Ke4 Ka7
53. Kf5 Kxa6 0-1

[Event "Politiken Cup"]
[Site "Copenhagen"]
[Date "2006.07.29"]
[Round "8.34"]
[White "Carstensen, Jacob"]
[Black "Lilja, Richard"]
[Result "1/2-1/2"]
[WhiteElo "2326"]
[BlackElo "2129"]
[PlyCount "56"]
[EventDate "2006.??.??"]

1. d4 g6 2. c4 Bg7 3. Nc3 d6 4. g3 Nf6 5. Bg2 O-O 6. Nf3 Nc6 7. O-O a6 8. h3
Rb8 9. e4 b5 10. cxb5 axb5 11. Re1 e5 12. d5 b4 13. Na4 Ne7 14. b3 Ne8 15. Nb2
f5 16. Bg5 h6 17. Bxe7 Qxe7 18. Nd2 Qf7 19. f3 f4 20. g4 Bf6 21. Bf1 h5 22. Re2
hxg4 23. hxg4 Bh4 24. Rg2 Kg7 25. Bc4 Rh8 26. Kf1 Nf6 27. Ke2 Bg3 28. Kd3 g5
1/2-1/2

[Event "Politiken Cup"]
[Site "Copenhagen"]
[Date "2006.07.29"]
[Round "8.35"]
[White "Albrecht, Rainer"]
[Black "Nielsen, Borge Hjerrild"]
[Result "1/2-1/2"]
[WhiteElo "2256"]
[BlackElo "2119"]
[PlyCount "69"]
[EventDate "2006.??.??"]

1. d4 d5 2. c4 e6 3. Nc3 Nf6 4. cxd5 exd5 5. Bg5 Be7 6. e3 O-O 7. Bd3 c6 8. Qc2
Nbd7 9. Nf3 Re8 10. h3 Nf8 11. Bf4 Be6 12. O-O-O a5 13. Kb1 a4 14. Ne5 a3 15.
b3 Qa5 16. Rc1 Rec8 17. Na4 Qb4 18. Nc5 Bxc5 19. Qxc5 Qxc5 20. Rxc5 N8d7 21.
Rc2 Ne8 22. Nxd7 Bxd7 23. Kc1 g6 24. g4 Kf8 25. f3 Ke7 26. Kd2 Nc7 27. Bxc7
Rxc7 28. h4 h6 29. b4 Kd6 30. Rb1 b6 31. Rb3 Rca7 32. Rcc3 Ra4 33. Ke2 b5 34.
Rc1 Re8 35. Kf2 1/2-1/2